| Tag |
First Indicator |
Second Indicator |
Subfields |
| LEADER |
00000cam a2200000 4500 |
| 001 |
in00000054207 |
| 005 |
20151008051434.0 |
| 008 |
751027s1951 nyu 00000 eng |
| 010 |
|
|
|a 51011627
|
| 035 |
|
|
|a (OCoLC)01737067
|
| 035 |
|
|
|9 AAG7898AM
|
| 040 |
|
|
|a DLC
|c TOL
|d TOL
|d TXA
|d UtOrBLW
|
| 049 |
|
|
|a TXAM
|c [201430]
|
| 050 |
0 |
0 |
|a HG153
|b .S6 1951
|
| 092 |
|
|
|a 332
|b S775h8
|
| 100 |
1 |
|
|a Stabler, C. Norman
|q (Charles Norman),
|d 1901-1982.
|
| 245 |
1 |
0 |
|a How to read the financial news.
|
| 250 |
|
|
|a [8th rev. and enl. ed.].
|
| 264 |
|
1 |
|a New York :
|b Harper,
|c [1951]
|
| 300 |
|
|
|a 54 pages :
|b illustrations ;
|c 29 cm.
|
| 336 |
|
|
|a text
|b txt
|2 rdacontent
|
| 337 |
|
|
|a unmediated
|b n
|2 rdamedia
|
| 338 |
|
|
|a volume
|b nc
|2 rdacarrier
|
| 500 |
|
|
|a First published in 1932 under the title of The business section of a newspaper.
|
| 630 |
0 |
0 |
|a New York herald tribune.
|
| 650 |
|
0 |
|a Finance.
|
| 999 |
|
|
|a MARS
|
| 999 |
f |
f |
|s bff72c58-f589-3553-ab1f-44f6f6c2ddc6
|i d0c9e770-aacf-3fb8-b864-6fc91a76c40f
|t 0
|
| 952 |
f |
f |
|p ric
|a Texas A&M University
|b Rellis Campus
|c Joint Library Facility
|d Remote Storage
|t 0
|e HG153 .S6 1951
|h Library of Congress classification
|i unmediated -- volume
|m A14800727031
|
| 998 |
f |
f |
|a HG153 .S6 1951
|t 0
|l Remote Storage
|